Chansons de Serge Gainsbourg - Statistiques

Statistiques générales
  • Ce quiz a été pris 305 fois
  • Le résultat moyen est 35 sur 175
Statistiques - réponses
Album Titre % Correct
Du chant à la une !… 1 Le Poinçonneur des Lilas
83%
Bonnie and Clyde 1 Bonnie and Clyde
74%
Initials B.B. 8 Bonnie and Clyde
74%
Initials B.B. 1 Initials B.B.
74%
Bonnie and Clyde 7 La Javanaise
74%
Jane Birkin - Serge Gainsbourg 1 Je t'aime… moi non plus
73%
Histoire de Melody Nelson 1 Melody
67%
Aux armes et cætera 2 Aux armes et cætera
65%
Love on the Beat 1 Love on the Beat
62%
Vu de l'extérieur 1 Je suis venu te dire que je m'en vais
59%
Love on the Beat 8 Lemon Incest
58%
L'Étonnant Serge Gainsbourg 1 La Chanson de Prévert
55%
Bonnie and Clyde 3 Comic Strip
53%
Initials B.B. 2 Comic Strip
53%
L'Homme à tête de chou 1 L'Homme à tête de chou
52%
You're Under Arrest 1 You're Under Arrest
52%
Histoire de Melody Nelson 2 Ballade de Melody Nelson
50%
Gainsbourg Percussions 8 Couleur Café
47%
Jane Birkin - Serge Gainsbourg 8 Élisa
45%
Rock Around the Bunker 9 Rock Around the Bunker
45%
Jane Birkin - Serge Gainsbourg 6 69 Année érotique
41%
Jane Birkin - Serge Gainsbourg 2 L'anamour
41%
L'Homme à tête de chou 11 Marilou sous la neige
39%
You're Under Arrest 10 Mon légionnaire
39%
Rock Around the Bunker 1 Nazi Rock
39%
Love on the Beat 7 Harley David (Son of a Bitch)
38%
You're Under Arrest 6 Aux enfants de la chance
36%
Vu de l'extérieur 2 Vu de l'extérieur
36%
Initials B.B. 7 Ford Mustang
32%
Bonnie and Clyde 6 L'eau à la bouche
32%
Serge Gainsbourg No 4 3 Baudelaire
30%
Bonnie and Clyde 11 Baudelaire
30%
Gainsbourg Confidentiel 6 Elaeudanla Téitéia
30%
Jane Birkin - Serge Gainsbourg 11 Manon
29%
Gainsbourg Percussions 7 New York U.S.A.
29%
Love on the Beat 2 Sorry Angel
27%
L'Homme à tête de chou 9 Variations sur Marilou
27%
Histoire de Melody Nelson 4 Ah ! Melody
26%
Serge Gainsbourg No 4 2 Black Trombone
26%
Jane Birkin - Serge Gainsbourg 7 Jane B
26%
Jane Birkin - Serge Gainsbourg 10 Les Sucettes
26%
Rock Around the Bunker 10 SS in Uruguay
26%
Mauvaises nouvelles des étoiles 12 Bad News from the Stars
24%
Du chant à la une !… 4 Ce mortel ennui
24%
Du chant à la une !… 3 Douze belles dans la peau
24%
Du chant à la une !… 8 Du jazz dans le ravin
24%
Histoire de Melody Nelson 5 L'hôtel particulier
24%
Aux armes et cætera 7 Lola Rastaquouère
24%
Histoire de Melody Nelson 3 Valse de Melody
24%
Aux armes et cætera 6 Vieille Canaille
24%
Histoire de Melody Nelson 7 Cargo culte
23%
Du chant à la une !… 2 La Recette de l'amour fou
23%
Love on the Beat 5 No Comment
23%
L'Étonnant Serge Gainsbourg 2 En relisant ta lettre
21%
Du chant à la une !… 7 L'Alcool
21%
Serge Gainsbourg No 2 1 Le claqueur de doigts
21%
Jane Birkin - Serge Gainsbourg 4 Sous le soleil exactement
21%
Serge Gainsbourg No 4 4 Intoxicated Man
20%
Bonnie and Clyde 9 Intoxicated Man
20%
Serge Gainsbourg No 4 1 Les Goémons
20%
L'Homme à tête de chou 3 Marilou Reggae
20%
Mauvaises nouvelles des étoiles 2 Ecce Homo
18%
Histoire de Melody Nelson 6 En Melody
18%
Gainsbourg Percussions 1 Joanna
18%
Du chant à la une !… 6 La Femme des uns sous le corps des autres
18%
Jane Birkin - Serge Gainsbourg 3 Orang-Outan
18%
Gainsbourg Confidentiel 1 Chez les yé-yé
17%
L'Homme à tête de chou 2 Chez Max coiffeur pour hommes
17%
Aux armes et cætera 4 Des laids des laids
17%
Mauvaises nouvelles des étoiles 7 La Nostalgie camarade
17%
Serge Gainsbourg No 2 4 L'Anthracite
17%
Serge Gainsbourg No 2 2 La nuit d'octobre
17%
Serge Gainsbourg No 2 5 Mambo miam miam
17%
Initials B.B. 10 Qui est "in" qui est "out"
17%
Love on the Beat 4 Kiss Me Hardy
15%
Serge Gainsbourg No 4 6 Les Cigarillos
15%
L'Étonnant Serge Gainsbourg 4 Les Oubliettes
15%
Initials B.B. 12 Marilu
15%
Serge Gainsbourg No 4 7 Requiem pour un twisteur
15%
Du chant à la une !… 5 Ronsard 58
15%
Serge Gainsbourg No 2 3 Adieu créature
14%
Gainsbourg Percussions 10 Ces petits riens
14%
You're Under Arrest 2 Five Easy Pisseuses
14%
Initials B.B. 11 Hold Up
14%
Love on the Beat 6 I'm the Boy
14%
Vu de l'extérieur 9 L'hippopodame
14%
Rock Around the Bunker 8 Yellow Star
14%
Aux armes et cætera 10 Eau et gaz à tous les étages
12%
Rock Around the Bunker 4 Eva
12%
You're Under Arrest 5 Gloomy Sunday
12%
Serge Gainsbourg No 2 6 Indifférente
12%
Serge Gainsbourg No 2 8 L'amour à la papa
12%
Vu de l'extérieur 8 La poupée qui fait
12%
Jane Birkin - Serge Gainsbourg 9 Le canari est sur le balcon
12%
L'Étonnant Serge Gainsbourg 3 Le Rock de Nerval
12%
L'Étonnant Serge Gainsbourg 8 Les femmes, c'est du chinois
12%
Gainsbourg Confidentiel 3 Le Talkie-walkie
12%
L'Homme à tête de chou 8 Ma Lou Marilou
12%
Gainsbourg Percussions 9 Marabout
12%
Vu de l'extérieur 4 Par hasard et pas rasé
12%
Gainsbourg Percussions 3 Pauvre Lola
12%
Bonnie and Clyde 5 Pauvre Lola
12%
Gainsbourg Confidentiel 7 Scenic Railway
12%
Rock Around the Bunker 2 Tata teutonne
12%
Serge Gainsbourg No 4 8 Ce grand méchant vous
11%
Du chant à la une !… 9 Charleston des déménageurs de piano
11%
You're Under Arrest 9 Dispatch Box
11%
Aux armes et cætera 1 Javanaise Remake
11%
Serge Gainsbourg No 2 7 Jeunes femmes et vieux messieurs
11%
Mauvaises nouvelles des étoiles 4 Juif et dieu
11%
L'Étonnant Serge Gainsbourg 7 Les Amours perdues
11%
Gainsbourg Confidentiel 11 Maxim's
11%
Mauvaises nouvelles des étoiles 1 Overseas Telegram
11%
Vu de l'extérieur 7 Pamela Popo
11%
Serge Gainsbourg No 4 5 Quand tu t'y mets
11%
Vu de l'extérieur 10 Sensuelle et sans suite
11%
L'Étonnant Serge Gainsbourg 6 Viva Villa
11%
Aux armes et cætera 5 Brigade des stups
9%
Mauvaises nouvelles des étoiles 9 Evguénie Sokolov
9%
L'Homme à tête de chou 5 Flash Forward
9%
Love on the Beat 3 Hmm Hmm Hmm
9%
Gainsbourg Percussions 2 Là-bas c'est naturel
9%
Gainsbourg Confidentiel 5 La Saison des pluies
9%
Gainsbourg Percussions 6 Les Sambassadeurs
9%
Gainsbourg Confidentiel 8 Le Temps des yoyos
9%
L'Homme à tête de chou 12 Lunatic Asylum
9%
You're Under Arrest 4 Suck Baby Suck
9%
Vu de l'extérieur 6 Titicaca
9%
You're Under Arrest 3 Baille Baille Samantha
8%
Initials B.B. 9 Black and White
8%
Initials B.B. 3 Bloody Jack
8%
Bonnie and Clyde 12 Docteur Jekyll and Mister Hyde
8%
Rock Around the Bunker 7 Est-ce est-ce si bon ?
8%
Mauvaises nouvelles des étoiles 3 Mickey maousse
8%
Gainsbourg Confidentiel 10 No, No, Thanks, No
8%
L'Étonnant Serge Gainsbourg 9 Personne
8%
Gainsbourg Percussions 4 Quand mon 6,35 me fait les yeux doux
8%
You're Under Arrest 7 Shotgun
8%
Initials B.B. 6 Shu Ba Du Ba Loo Ba
8%
Mauvaises nouvelles des étoiles 5 Shush shush Charlotte
8%
Rock Around the Bunker 5 Smoke Gets in Your Eyes
8%
Gainsbourg Percussions 11 Tatoué Jérémie
8%
Initials B.B. 5 Torrey Canyon
8%
Jane Birkin - Serge Gainsbourg 5 18-39
6%
L'Homme à tête de chou 6 Aéroplanes
6%
Mauvaises nouvelles des étoiles 8 Bana basadi balalo
6%
Gainsbourg Percussions 12 Coco and Co
6%
Aux armes et cætera 9 Daisy Temple
6%
Initials B.B. 4 Docteur Jekyll et Monsieur Hyde
6%
You're Under Arrest 8 Glass Securit
6%
L'Étonnant Serge Gainsbourg 10 Le Sonnet d'Arvers
6%
L'Homme à tête de chou 4 Transit à Marilou
6%
Rock Around the Bunker 6 Zig-zig avec toi
6%
Bonnie and Clyde 2 Bubble Gum
5%
L'Étonnant Serge Gainsbourg 5 Chanson de Maglia
5%
Vu de l'extérieur 5 Des vents des pets des poums
5%
Rock Around the Bunker 3 J'entends des voix off
5%
Gainsbourg Confidentiel 4 La Fille au rasoir
5%
Bonnie and Clyde 8 La Madrague
5%
Gainsbourg Percussions 5 Machins choses
5%
Aux armes et cætera 12 Marilou Reggae Dub
5%
Gainsbourg Confidentiel 12 Negative Blues
5%
Aux armes et cætera 11 Pas long feu
5%
Aux armes et cætera 8 Relax Baby Be Cool
5%
Gainsbourg Confidentiel 2 Sait-on jamais où va une femme quand elle vous quitte
5%
Gainsbourg Confidentiel 9 Amour sans amour
3%
Bonnie and Clyde 10 Everybody Loves My Baby
3%
Aux armes et cætera 3 Les locataires
3%
L'Homme à tête de chou 10 Meurtres à l'extincteur
3%
Mauvaises nouvelles des étoiles 10 Negusa Nagast
3%
Vu de l'extérieur 3 Panpan cucul
2%
L'Homme à tête de chou 7 Premiers symptômes
2%
Mauvaises nouvelles des étoiles 11 Strike
2%
Mauvaises nouvelles des étoiles 6 Toi mourir
2%
Bonnie and Clyde 4 Un jour comme un autre
2%
Aucun quiz correspondant
Distribution des résultats
% des personnes avec chaque résultat
Percentile par nombre de réponses
Votre historique - résultats
Vous n’avez pas pris ce quiz